The Future Is Now: Popular Dystopian Novels - Statistics

General Stats
  • This quiz has been taken 105 times
  • The average score is 8 of 33
Answer Stats
Highlight Text to Reveal Author Dystopian Novel % Correct
Suzanne Collins The Hunger Games
85%
George Orwell 1984
83%
Veronica Roth Divergent
60%
George Orwell Animal Farm
53%
Aldous Huxley Brave New World
51%
Margaret Atwood The Handmaid's Tale
48%
Ray Bradbury Fahrenheit 451
44%
Lois Lowry The Giver
36%
James Dashner The Maze Runner
34%
Anthony Burgess A Clockwork Orange
33%
William Golding Lord of the Flies
25%
HG Wells The Time Machine
22%
Cormac McCarthy The Road
20%
Philip K Dick Blade Runner
18%
Kazuo Ishiguro Never Let Me Go
16%
Stephen King The Stand
16%
Ayn Rand Atlas Shrugged
15%
Orson Scott Card Ender's Game
15%
Jonathan Swift Gulliver's Travels
13%
Madeleine L'Engle A Wrinkle in Time
11%
Margaret Atwood Oryx and Crake
11%
Franz Kafka The Trial
11%
Dr Seuss The Lorax
10%
Kurt Vonnegut Cat's Cradle
8%
Shirley Jackson The Lottery
8%
David Mitchell Cloud Atlas
7%
Emily St. John Mandel Station Eleven
6%
Philip Roth The Plot Against America
6%
Stephen King The Running Man
6%
Pierre Boulle Planet of the Apes
5%
Neal Stephenson Snow Crash
5%
Sinclair Lewis It Can't Happen Here
3%
Gary Shteyngart Super Sad True Love Story
1%
No matching quizzes found
Score Distribution
Percent of People with Each Score
Percentile by Number Answered
Your Score History
You have not taken this quiz